Statistics for Minor European Languages

Click here to take the quiz!

General Stats

  • This quiz has been taken 342 times
  • The average score is 26 of 31

Answer Stats

LanguageNative SpeakersCountries% Correct
Catalan4,100,000Spain, France
99%
Basque720,000Spain, France
98%
Welsh740,000United Kingdom
98%
Scottish Gaelic57,000United Kingdom
98%
Breton226,000France
95%
Corsican230,000France
95%
Sami25,000Norway, Sweden, Finland, Russia
94%
Galician2,355,000Spain
93%
Romansh60,000Switzerland
93%
Tatar5,300,000Russia
92%
Ossetian580,000Russia, Georgia
92%
Frisian470,000Netherlands, Germany
91%
Karelian35,000Russia
89%
Manx100United Kingdom
87%
Kalmyk150,000Russia
86%
Karachay-Balkar310,000Russia
86%
Kumyk450,000Russia
86%
Komi220,000Russia
85%
Abkhaz113,000Georgia
83%
Moksha130,000Russia
83%
Chuvash1,080,000Russia
83%
Bashkir1,200,000Russia, Kazakhstan
83%
Nenets22,000Russia
82%
Nogai87,000Russia
82%
Udmurt340,000Russia
82%
Mari400,000Russia
80%
Erzya260,000Russia
78%
Sorbian50,000Germany
70%
Ladin20,000Italy
68%
Aromanian250,000Greece, Albania, Macedonia
61%
Gagauz170,000Moldova
57%

Score Distribution

Percentile by Number Answered

Percent of People with Each Score

Your Score History

You have not taken this quiz